000 01677cam a22002414a 4500
001 16667303
005 20121001160403.0
008 110225s2011 njua b 001 0 eng
020 _a9780470942185 (pbk.)
082 0 0 _a658.7
_222
_bHUS
100 1 _aHugos, Michael H.
_931025
245 1 0 _aEssentials of Supply Chain Management /
_cMichael Hugos.
250 _a3rd ed.
260 _aHoboken, N.J. :
_bWiley,
_c2011.
300 _axiv, 332 p. :
_bill. ;
_c23 cm.
490 0 _aEssentials series
504 _aIncludes bibliographical references (p. 179-195) and index.
520 _a"The latest thinking, strategies, developments, and technologies to stay current in supply chain management. Presenting the core concepts and techniques of supply chain management in a clear, concise and easily readable style, the Third Edition of Essentials of Supply Chain Management outlines the most crucial tenets and concepts of supply chain management. Shows how to utilize technology to boost efficiency and responsiveness. Introduces new material on the latest technology and practices available for supply chain management. Offers new cases and executive interviews throughout the book. Written by author of Business in the Cloud: What Every Business Needs to Know about Cloud Computing. Creating an effective supply chain is key to staying ahead in today's complex market. The Third Edition provides the tools, guidance, and examples to help maximize business performance and create competitive advantage."--
650 0 _aBusiness logistics.
_931026
650 7 _aBUSINESS & ECONOMICS / Distribution
_2bisacsh.
_931027
653 _bBus
_cOctober2012
942 _2ddc
_cBB
999 _c17045
_d17017